| 000 | 00956cam a22003137a 4500 | ||
|---|---|---|---|
| 999 |
_c48247 _d48247 |
||
| 001 | 15872253 | ||
| 003 | Nust | ||
| 005 | 20180702045839.0 | ||
| 008 | 090818s2009 pk 000 j eng | ||
| 010 | _a 2009361070 | ||
| 020 |
_a9780195476934 _cRs. 416.50 |
||
| 025 | _aP-E-2009361070; 11 | ||
| 038 | _aArshad | ||
| 040 |
_aDLC _cDLC |
||
| 041 | 1 |
_aeng _hurd |
|
| 042 | _alcode | ||
| 050 | 0 | 0 | _aMLCS 2009/04803 (P) |
| 082 |
_a891.43930108 _bAZF |
||
| 245 | 0 | 4 |
_aThe Oxford book of Urdu short stories / _cselected and translated by Amina Azfar ; foreword by Aamer Hussein ; introd. by Iftikhar Arif. |
| 246 | 3 | _aUrdu short stories | |
| 260 |
_aKarachi : _bOxford University Press, _c2009. |
||
| 300 |
_axx, 403 p. ; _c22 cm. |
||
| 500 | _aShort stories. | ||
| 500 | _aTranslated from Urdu. | ||
| 700 | 1 |
_aAzfar, Amina. _911337 |
|
| 906 |
_a7 _bcbc _corigode _d4 _encip _f20 _gy-gencatlg |
||
| 942 |
_2ddc _cBK |
||